[Event "Saarland-ch C"]
[Site "Saarlouis Steinrausch"]
[Date "2005.03.25"]
[Round "8"]
[White "Grewenig, Jan"]
[Black "Drewitz, Michael"]
[Result "1/2-1/2"]
[WhiteElo "1249"]
[BlackElo "1239"]
[PlyCount "35"]
[EventDate "2005.03.18"]
[EventType "swiss"]
[EventRounds "9"]
[EventCountry "GER"]
[SourceTitle "EXT 2012"]
[Source "ChessBase"]
[SourceDate "2011.11.24"]
[SourceVersion "1"]
[SourceVersionDate "2011.11.24"]
[SourceQuality "1"]

1. e4 e6 2. d4 d5 3. exd5 exd5 4. Nc3 Nf6 5. Nf3 Be6 6. Bg5 Be7 7. Be2 c6 8. 0-0 0-0 9. Qd2 Nbd7 10. Rfe1 h6 11. Bf4 Qb6 12. Rab1 c5 13. h3 Bd6 14. Nb5 Ne4 15. Qe3 c4 16. Nxd6 Nxd6 17. Qd2 Ne4 18. Qc1 1/2-1/2